Autobiography Of A Yogi (Record no. 1231272)

MARC details
000 -LEADER
fixed length control field 00479nam a2200193Ia 4500
008 - FIXED-LENGTH DATA ELEMENTS--GENERAL INFORMATION
fixed length control field 151121s9999||||xx |||||||||||||| ||und||
082 ## - DEWEY DECIMAL CLASSIFICATION NUMBER
Classification number 181।45/Yog
082 ## - DEWEY DECIMAL CLASSIFICATION NUMBER
Item number HNW-42837
100 ## - MAIN ENTRY--PERSONAL NAME
Personal name Yogananda P।
245 ## - TITLE STATEMENT
Title Autobiography Of A Yogi
260 ## - PUBLICATION, DISTRIBUTION, ETC. (IMPRINT)
Name of publisher, distributor, etc Jaico Pub। Bombay।
260 ## - PUBLICATION, DISTRIBUTION, ETC. (IMPRINT)
Date of publication, distribution, etc --
300 ## - PHYSICAL DESCRIPTION
Extent 512
600 ## - SUBJECT ADDED ENTRY--PERSONAL NAME
Personal name Yogananda P।
630 ## - SUBJECT ADDED ENTRY--UNIFORM TITLE
Uniform title Autobiography Of A Yogi
700 ## - ADDED ENTRY--PERSONAL NAME
Personal name Yogananda P।
730 ## - ADDED ENTRY--UNIFORM TITLE
Uniform title Autobiography Of A Yogi
942 ## - ADDED ENTRY ELEMENTS (KOHA)
Koha item type Book
Holdings
Withdrawn status Lost status Damaged status Not for loan Home library Current library Date acquired Total Checkouts Full call number Barcode Date last seen Price effective from Koha item type
        Hirachand Nemchand Wachanalaya, Solapur Hirachand Nemchand Wachanalaya, Solapur 11/21/2015   HNW-42837 HNW-42837 11/21/2015 11/21/2015 Book